BIBLIOTECA

SENCICO

Contrataciones y Adquisiciones del Estado : compendio legislativo (Registro nro. 2985)

Detalles MARC
000 -LEADER
fixed length control field 00774nam a2200193Ia 4500
005 - DATE AND TIME OF LATEST TRANSACTION
control field 20251020182559.0
008 - FIXED-LENGTH DATA ELEMENTS--GENERAL INFORMATION
fixed length control field 200515s9999 xx 000 0 und d
082 ## - DEWEY DECIMAL CLASSIFICATION NUMBER
Classification number SC/331.11/C74
110 ## - MAIN ENTRY--CORPORATE NAME
Corporate name or jurisdiction name as entry element Consejo Superior de Contrataciones y Adquisiciones del Estado
245 #0 - TITLE STATEMENT
Title Contrataciones y Adquisiciones del Estado : compendio legislativo
260 ## - PUBLICATION, DISTRIBUTION, ETC.
Place of publication, distribution, etc. Lima
260 ## - PUBLICATION, DISTRIBUTION, ETC.
Date of publication, distribution, etc. 1999
300 ## - PHYSICAL DESCRIPTION
Extent 520
520 ## - SUMMARY, ETC.
Summary, etc. La Ley 26850 y su Reglamento han unificado en uno solo cuerpo legal, la legislación sobre la contratación de obra pública, servicio de consultoría y adquisiciones de bienes y servicios en general que efectúan las entidades estatales, constituyendo el refe
650 ## - SUBJECT ADDED ENTRY--TOPICAL TERM
Topical term or geographic name entry element ADQUISICIONES DEL ESTADO
650 ## - SUBJECT ADDED ENTRY--TOPICAL TERM
Topical term or geographic name entry element LEGISLACION
650 ## - SUBJECT ADDED ENTRY--TOPICAL TERM
Topical term or geographic name entry element PERU
942 ## - ADDED ENTRY ELEMENTS (KOHA)
Koha item type Libros
Existencias
Fecha de la última vez que lo usaron Pago total Signatura topográfica completa Código de barras Precio efectivo desde Tipo de documento Estado perdido Estado dañado No es para préstamo Retirado Ubicación permanente Ubicación actual Fecha de adquisición
15/05/2020   SC/331.11/C74 Bib-Lima15052985 15/05/2020 Libros         Biblioteca Central Lima Biblioteca Central Lima 15/05/2020